000 00397nam a2200169Ia 4500
008 230524s9999 xx 000 0 und d
020 _a8120308689
082 _a4.133
_bKOS
100 _aBart Kosko
245 0 _aNeural Networks and Fuzzy System
250 _a1ST
260 _aNEW DELHI
_bPHI
_c2005
300 _aXV;425
500 _aQuantity Number: 2
650 _aComp-Sc
942 _cBK
999 _c30788
_d30788